000 00564nam a2200169 a 4500
001 000040129
005 20201002033932.0
008 130808s1983 xxuad 000 0 spa d
020 _a025603088X
040 _aDO-SdBNP
_bspa
_cBNPHU
082 _axxx
100 1 _aTate Jr., Curtis E.
_966393
245 1 0 _aBusiness policy :
_bAdministrative, strategic, and constituency issues /
_cCurtis E. Tate, Jr., Marilyn L. Taylor.
260 _aDallas, Texas :
_bBusiness Publications,
_c1983.
300 _aix, 706 p. :
_bil. ;
_c25 cm.
700 1 _aTaylor, Marilyn L.
_966394
999 _c39619
_d39619